Modern pharmaceutics / (Record no. 7739)
[ view plain ]
| 000 -LEADER | |
|---|---|
| fixed length control field | 01151cam a22003374a 4500 |
| 001 - CONTROL NUMBER | |
| control field | 15598118 |
| 005 - DATE AND TIME OF LATEST TRANSACTION | |
| control field | 20250925175147.0 |
| 008 - FIXED-LENGTH DATA ELEMENTS--GENERAL INFORMATION | |
| fixed length control field | 090123s2009 nyua b 001 0 eng |
| 020 ## - INTERNATIONAL STANDARD BOOK NUMBER | |
| International Standard Book Number | 9781420065640 |
| Qualifying information | v. 1 : hardcover : acid-free paper |
| 020 ## - INTERNATIONAL STANDARD BOOK NUMBER | |
| International Standard Book Number | 1420065645 |
| Qualifying information | v. 1 : hardcover : acid-free paper |
| 020 ## - INTERNATIONAL STANDARD BOOK NUMBER | |
| International Standard Book Number | 9781420065664 |
| Qualifying information | v. 2 : hardcover : acid-free paper |
| 020 ## - INTERNATIONAL STANDARD BOOK NUMBER | |
| International Standard Book Number | 1420065661 |
| Qualifying information | v. 2 : hardcover : acid-free paper |
| 050 00 - LIBRARY OF CONGRESS CALL NUMBER | |
| Classification number | RS200 |
| Item number | .M63 2009 |
| 082 00 - DEWEY DECIMAL CLASSIFICATION NUMBER | |
| Classification number | 615/.1 |
| Edition information | 22 |
| 245 00 - TITLE STATEMENT | |
| Title | Modern pharmaceutics / |
| Statement of responsibility, etc. | edited by Alexander T. Florence, Juergen Siepmann. |
| 250 ## - EDITION STATEMENT | |
| Edition statement | 5th ed. |
| 260 ## - PUBLICATION, DISTRIBUTION, ETC. | |
| Place of publication, distribution, etc. | New York : |
| Name of publisher, distributor, etc. | Informa Healthcare, |
| Date of publication, distribution, etc. | c2009. |
| 300 ## - PHYSICAL DESCRIPTION | |
| Extent | 2 v. : |
| Other physical details | ill. ; |
| Dimensions | 27 cm. |
| 650 #0 - SUBJECT ADDED ENTRY--TOPICAL TERM | |
| Topical term or geographic name entry element | Drugs |
| General subdivision | Dosage forms. |
| 650 #0 - SUBJECT ADDED ENTRY--TOPICAL TERM | |
| Topical term or geographic name entry element | Pharmacy. |
| 650 #0 - SUBJECT ADDED ENTRY--TOPICAL TERM | |
| Topical term or geographic name entry element | Biopharmaceutics. |
| 650 #0 - SUBJECT ADDED ENTRY--TOPICAL TERM | |
| Topical term or geographic name entry element | Drugs |
| General subdivision | Administration. |
| 650 12 - SUBJECT ADDED ENTRY--TOPICAL TERM | |
| Topical term or geographic name entry element | Dosage Forms. |
| 650 22 - SUBJECT ADDED ENTRY--TOPICAL TERM | |
| Topical term or geographic name entry element | Biopharmaceutics. |
| 650 22 - SUBJECT ADDED ENTRY--TOPICAL TERM | |
| Topical term or geographic name entry element | Drug Delivery Systems. |
| 650 22 - SUBJECT ADDED ENTRY--TOPICAL TERM | |
| Topical term or geographic name entry element | Pharmaceutical Preparations |
| General subdivision | administration & dosage. |
| 650 22 - SUBJECT ADDED ENTRY--TOPICAL TERM | |
| Topical term or geographic name entry element | Pharmacokinetics. |
| 700 1# - ADDED ENTRY--PERSONAL NAME | |
| Personal name | Florence, A. T. |
| Fuller form of name | (Alexander Taylor) |
| 700 1# - ADDED ENTRY--PERSONAL NAME | |
| Personal name | Siepmann, Jürgen. |
| 942 ## - ADDED ENTRY ELEMENTS (KOHA) | |
| Source of classification or shelving scheme | Library of Congress Classification |
| Koha item type | Books |
| Edition | 5th ed. |
| Suppress in OPAC | No |
| 999 ## - | |
| -- | 7739 |
| -- | 7739 |
| Withdrawn status | Lost status | Source of classification or shelving scheme | Damaged status | Not for loan | Collection | Home library | Current library | Shelving location | Date acquired | Total checkouts | Full call number | Barcode | Date last seen | Copy number | Price effective from | Koha item type |
|---|---|---|---|---|---|---|---|---|---|---|---|---|---|---|---|---|
| Library of Congress Classification | Non-fiction | Science Library (Miotso) | Science Library (Miotso) | General stacks | 09/25/2025 | RS200 .M63 MOD | SLM00004426 | 09/25/2025 | 1 | 09/25/2025 | Books | |||||
| Library of Congress Classification | Non-fiction | Science Library (Miotso) | Science Library (Miotso) | General stacks | 09/25/2025 | RS200 .M63 MOD | SLM00004427 | 09/25/2025 | 2 | 09/25/2025 | Books |